<?xml version="1.0" encoding="UTF-8"?>
<collection xmlns="http://www.loc.gov/MARC21/slim">
    <record>
        <controlfield tag="001">64081</controlfield>
        <controlfield tag="005">20171221155209.0</controlfield>
        <datafield tag="037" ind1=" " ind2=" ">
            <subfield code="a">TAZ-TFG-2017-3232</subfield>
        </datafield>
        <datafield tag="041" ind1=" " ind2=" ">
            <subfield code="a">spa</subfield>
        </datafield>
        <datafield tag="100" ind1="1" ind2=" ">
            <subfield code="a">Esteban Villalba, Sandra</subfield>
        </datafield>
        <datafield tag="242" ind1="0" ind2="0">
            <subfield code="a">EFFECT OF A CONTINUOUS INFUSION OF METHADONE ON THE ANALGESIC AND  ANAESTHETIC INTRAOPERATIVE REQUIREMENTS IN DOGS</subfield>
        </datafield>
        <datafield tag="245" ind1="0" ind2="0">
            <subfield code="a">EFECTO DE UNA INFUSIÓN CONTINUA DE METADONA EN LOS REQUERIMIENTOS  ANALGÉSICOS Y ANESTÉSICOS INTRAOPERATORIOS EN PERROS</subfield>
        </datafield>
        <datafield tag="260" ind1=" " ind2=" ">
            <subfield code="a">Zaragoza</subfield>
            <subfield code="b">Universidad de Zaragoza</subfield>
            <subfield code="c">2017</subfield>
        </datafield>
        <datafield tag="506" ind1=" " ind2=" ">
            <subfield code="a">by-nc-sa</subfield>
            <subfield code="b">Creative Commons</subfield>
            <subfield code="c">3.0</subfield>
            <subfield code="u">http://creativecommons.org/licenses/by-nc-sa/3.0/</subfield>
        </datafield>
        <datafield tag="520" ind1=" " ind2=" ">
            <subfield code="a">Las infusiones continuas o infusiones a ritmo constante (CRI) se usan con frecuencia durante procedimientos quirúrgicos para disminuir los requerimientos anestésicos de agentes inhalatorios y para proveer analgesia mediante la administración de  fármacos analgésicos, siendo una buena alternativa a la utilización de bolos intermitentes de dichos fármacos.  Los objetivos de este estudio fueron valorar el efecto de un CRI de metadona en la reducción de las necesidades de isoflurano, valorar las necesidades intraoperatorias de analgesia de rescate, así como registrar las posibles complicaciones observadas. Se incluyeron 12 perras que iban a ser sometidas a ovariohisterectomías electivas, que fueron distribuidas aleatoriamente en dos grupos: A (control) y B (CRI de metadona). Tras una premedicación con dexmedetomidina y metadona se llevó a cabo la inducción con propofol a dosis-efecto, se intubaron y se conectaron a la máquina anestésica. El mantenimiento anestésico se llevó a cabo con isoflurano en una mezcla de oxígeno y aire al 50%. Se monitorizaron a los pacientes y se llevó a cabo la medición y registro de los parámetros como frecuencia cardíaca, respiratoria, temperatura y presión arterial sistólica, previamente a la intervención, en el período intraoperatorio y en el despertar anestésico. A nivel intraoperatorio se registraron las necesidades de analgesia de rescate y la Et ISO. Una vez obtenidos los datos, se realizó un estudio estadístico de los mismos. Como resultados del estudio, no se encontraron diferencias significativas en las necesidades de isoflurano en ambos grupos. Tampoco se detectaron diferencias significativas en las necesidades de fentanilo como analgesia de rescate a nivel intraoperatorio ni tampoco en la aparición de complicaciones en el momento del despertar.  Atendiendo a esto, el uso de un CRI de metadona a 0,1 mg/kg/h no parece presentar ventajas ni inconvenientes con respecto a la utilización de suero fisiológico.</subfield>
        </datafield>
        <datafield tag="521" ind1=" " ind2=" ">
            <subfield code="a">Graduado en Veterinaria</subfield>
        </datafield>
        <datafield tag="540" ind1=" " ind2=" ">
            <subfield code="a">Derechos regulados por licencia Creative Commons</subfield>
        </datafield>
        <datafield tag="700" ind1=" " ind2=" ">
            <subfield code="a">Bonastre Ráfales, Cristina</subfield>
            <subfield code="e">dir.</subfield>
        </datafield>
        <datafield tag="700" ind1=" " ind2=" ">
            <subfield code="a">De Torre Martinez, Amaya</subfield>
            <subfield code="e">dir.</subfield>
        </datafield>
        <datafield tag="700" ind1=" " ind2=" ">
            <subfield code="a">De Torre Martínez, Amaya</subfield>
            <subfield code="e">dir.</subfield>
        </datafield>
        <datafield tag="710" ind1="2" ind2=" ">
            <subfield code="a">Universidad de Zaragoza</subfield>
            <subfield code="b">Patología Animal</subfield>
            <subfield code="c">Medicina y Cirugía Animal</subfield>
        </datafield>
        <datafield tag="856" ind1="0" ind2=" ">
            <subfield code="f">543533@celes.unizar.es</subfield>
        </datafield>
        <datafield tag="856" ind1="4" ind2=" ">
            <subfield code="s">1165691</subfield>
            <subfield code="u">http://zaguan.unizar.es/record/64081/files/TAZ-TFG-2017-3232.pdf</subfield>
            <subfield code="y">Memoria (spa)</subfield>
        </datafield>
        <datafield tag="909" ind1="C" ind2="O">
            <subfield code="o">oai:zaguan.unizar.es:64081</subfield>
            <subfield code="p">driver</subfield>
            <subfield code="p">trabajos-fin-grado</subfield>
        </datafield>
        <datafield tag="950" ind1=" " ind2=" ">
            <subfield code="a"></subfield>
        </datafield>
        <datafield tag="951" ind1=" " ind2=" ">
            <subfield code="a">deposita:2017-12-21</subfield>
        </datafield>
        <datafield tag="980" ind1=" " ind2=" ">
            <subfield code="a">TAZ</subfield>
            <subfield code="b">TFG</subfield>
            <subfield code="c">VET</subfield>
        </datafield>
    </record>

    
</collection>